000 00326nab a22001097u 4500
008 130520b1990 xxu||||| |||| 00| 0 spa d
041 _aspa
100 1 _aHurbon, L.
_967496
245 0 0 _aLa trata y la esclavitud de negros en América
_cL. Hurbon
773 0 _tConcilium
_gV.2,1990,págs.465-477
_x0210-1041
_wRev134
942 _cAR
999 _c355570
_d355570